Countries With a A and K - Statistics

General Stats
  • This quiz has been taken 60 times
  • The average score is 14 of 17
Answer Stats
Answer % Correct
Kazakhstan
98%
Kyrgyzstan
94%
Turkmenistan
94%
Uzbekistan
90%
Tajikistan
88%
Kenya
87%
Pakistan
87%
Kiribati
83%
Slovakia
83%
Kuwait
81%
St. Kitts and Nevis
79%
South Korea
77%
North Korea
75%
Burkina Faso
69%
Ukraine
69%
Denmark
63%
Sri Lanka
60%
No matching quizzes found
Score Distribution
Percent of People with Each Score
Percentile by Number Answered
Your Score History
You have not taken this quiz